Инвариантность поведения в ситуации коммерческого риска; Актуальные проблемы гуманитарных наук

Bibliografski detalji
Parent link:Актуальные проблемы гуманитарных наук.— 2008.— С. 102-104
Glavni autor: Кучковский А. А.
Jezik:ruski
Izdano: 2008
Serija:Социально-культурный сервис и туризм
Teme:
Format: Poglavlje knjige
KOHA link:https://koha.lib.tpu.ru/cgi-bin/koha/opac-detail.pl?biblionumber=228744

MARC

LEADER 00000naa2a2200000 4500
001 228744
005 20231031201647.0
035 |a (RuTPU)RU\TPU\book\249232 
035 |a RU\TPU\book\249229 
090 |a 228744 
100 |a 20121221d2008 k y0rusy50 ca 
101 0 |a rus 
102 |a RU 
200 1 |a Инвариантность поведения в ситуации коммерческого риска  |f А. А. Кучковский 
225 1 |a Социально-культурный сервис и туризм 
320 |a Библиогр.: 5 назв. 
463 1 |0 (RuTPU)RU\TPU\book\194420  |t Актуальные проблемы гуманитарных наук  |o сборник научных трудов, апрель 2008 г., Томск  |f Томский политехнический университет (ТПУ)  |v С. 102-104  |d 2008  |p 562 с. 
610 1 |a фирменный стиль 
610 1 |a коммерческие риски 
610 1 |a инвариантность 
610 1 |a поведение 
700 1 |a Кучковский  |b А. А. 
801 1 |a RU  |b 63413507  |c 20101013 
801 2 |a RU  |b 63413507  |c 20121221  |g RCR 
942 |c BK